| 000 | 00000nam##2200000za#4500 |
| 001 | 9.603858 |
| 003 | CaOODSP |
| 005 | 20220623130824 |
| 007 | cr ||||||||||| |
| 008 | 150406|2006||||xxc|||||o f|0| 0 fre|d |
| 040 | |aCaOODSP|bfre |
| 043 | |an-cn--- |
| 086 | 1 |aH117-5/3-2005F-PDF |
| 110 | 1 |aCanada. |bInstitut canadien d'information sur la santé. |
| 245 | 13|aLa sclérose en plaques et la réadaptation : |h[ressource électronique]|bun portrait des services pour patients hospitalisés / |
| 260 | |aOttawa - Ontario : |bInstitut canadien d'information sur la santé |cAoût 2005. |
| 300 | |a7p.|bgraphiques, tableau |
| 490 | 1 |aAnalyse en bref |
| 590 | |a12-19-Supp|b2012-04-30 |
| 775 | 08|tMultiple sclerosis and inpatient rehabilitation : |w(CaOODSP)9.573820 |
| 830 | #0|aAnalyse en bref (Statistique Canada)|w(CaOODSP)9.503377 |
| 856 | 40|ahttp://publications.gc.ca|qPDF|s655 Ko|uhttps://publications.gc.ca/collections/collection_2012/icis-cihi/H117-5-3-2005-fra.pdf |